Statistics for Fast-Food Restaurants per Capita by State

Click here to take the quiz!

General Stats

  • This quiz has been taken 4 times
  • The average score is 7 of 10

Answer Stats

Fast-Food per capitaState% Correct
6.3Alabama
100%
4.9Georgia
75%
4.9Missouri
75%
5.4Nebraska
75%
5.3Oklahoma
75%
5.3West Virginia
75%
5.0Indiana
50%
4.8Kentucky
50%
4.9South Carolina
50%
5.2Tennessee
50%

Score Distribution

Percentile by Number Answered

Percent of People with Each Score

Your Score History

You have not taken this quiz